000 00182nam a22000977a 4500
041 _aeng
080 _a80
100 _aMilliken, Linda
245 _aClassroom Kickoff.
999 _c280231
_d280231
942 _cBK